Visual Basic / (Record no. 42073)

MARC details
000 -LEADER
fixed length control field 00664nam a22001937a 4500
005 - DATE AND TIME OF LATEST TRANSACTION
control field 20100816111553.0
010 ## - LCCN (DPL NO)
LC control number ENG-100569
020 ## - INTERNATIONAL STANDARD BOOK NUMBER
International Standard Book Number 9788190821063
Terms of availability 80.00
035 ## - SYSTEM CONTROL NUMBER
System control number EN-84102
037 ## - SOURCE OF ACQUISITION
Source of stock number/acquisition DBAD/PUB
082 ## - DEWEY DECIMAL CLASSIFICATION NUMBER
Classification number 005.268
100 ## - MAIN ENTRY--PERSONAL NAME
Personal name Naveenkumar,A S
245 ## - TITLE STATEMENT
Title Visual Basic /
Statement of responsibility, etc by A S Naveenkumar
260 ## - PUBLICATION, DISTRIBUTION, ETC. (IMPRINT)
Place of publication, distribution, etc Coimbatore
Name of publisher, distributor, etc A E Publications
Date of publication, distribution, etc 2009
270 ## - ADDRESS
Address No 10 Sundaram St-1 P N Pudur
City Coimbatore
Postal code 641041
300 ## - PHYSICAL DESCRIPTION
Extent 70p
Dimensions 20cm(pbk)
942 ## - ADDED ENTRY ELEMENTS (KOHA)
Source of classification or shelving scheme Dewey Decimal Classification
Item type English Books
Classification part 005.268
Call number suffix NAV
Holdings
Withdrawn status Lost status Not for loan Collection code Home library Current library Date acquired Source of acquisition Cost, normal purchase price Full call number Barcode Copy number Cost, replacement price Koha item type
    Not For Loan Non-fiction D.B.Act.Division D.B.Act.Division 16/08/2010 DBAD/PUB 80.00 005.268 NAV EN-84102 1 80.00 English Books

© Delhi Public Library
Hit Counter
free hit counter